000 00623nam a22002057a 4500
003 OSt
005 20220723081309.0
008 220723b |||||||| |||| 00| 0 eng d
020 _a9789354240201
040 _cSBCL
082 _a620.5
_bPOO-I
100 _aPoole, Charles p
_aOwens, Frank J
245 _aIntroduction to nanoscience and nanotechnology
_bAn Indian adaptation
260 _aNew Delhi
_b Wiley India
_c2022
300 _a486p.
_aIndex.
500 _aPd. A/c. Fund.
630 _xGENERAL STACK
650 _2Nanotechnology
_aNanotechnology
_v Engineering and allied operations
_xTechnology
942 _cBOOK
999 _c134475
_d134475